LEADER 01274nam2-2200361li-450 001 990000219300203316 005 20180312154904.0 035 $a0021930 035 $aUSA010021930 035 $a(ALEPH)000021930USA01 035 $a0021930 100 $a20001109d1982----km-y0itay0103----ba 101 0 $aeng 102 $aGW 200 1 $aConstrained dynamics with applications to Yang-Miulls theory, general;relativity, classical spin, dual string model$fKurt Sundermeyer 210 $aBerlin [etc.]$cSpringer-Verlag$d1982 215 $aIV, 318 p.$cill. 225 2 $aLecture notes in physics$v169 410 0$10010021736$12001$aLecture notes in physics 610 1 $ateoria della relativita' 676 $a53011$9Teoria della relativita' 700 1$aSundermeyer,$bKurt$048679 801 $aSistema bibliotecario di Ateneo dell' Università di Salerno$gRICA 912 $a990000219300203316 951 $a530 LNP (169)$b0009806 959 $aBK 969 $aSCI 979 $c19910208 979 $c20001110$lUSA01$h1714 979 $c20020403$lUSA01$h1630 979 $aPATRY$b90$c20040406$lUSA01$h1616 996 $aConstrained dynamics with applications to Yang-Miulls theory, general;relativity, classical spin, dual string model$91501063 997 $aUNISA LEADER 01282nam--2200385---450- 001 990000555360203316 005 20050728121609.0 035 $a0055536 035 $aUSA010055536 035 $a(ALEPH)000055536USA01 035 $a0055536 100 $a20010710d1977----km-y0itay0103----ba 101 $aeng 102 $aUS 105 $a||||||||001yy 200 1 $a<> effects of nuclear weapons$fcompiled and edited by Samuel Glasstone and Philip J. Dolan 205 $a3 ed.$fprepared and published by the Energy research and development administration 210 $aWashington$cUnited States Department of defence$cEnergy research & development administration$d1977 215 $a653 p.$d24 cm$e1 normografo 410 $12001 606 0 $aArmi nucleari$xEffetti dannosi 676 $a355.825119 702 1$aGLASSTONE,$bSamuel 702 1$aDOLAN,$bPhilip J. 801 0$aIT$bsalbc$gISBD 912 $a990000555360203316 951 $aII.6. 908(II I B 1019)$b107116 LM$cII i B 959 $aBK 969 $aUMA 979 $aPATTY$b90$c20010710$lUSA01$h1249 979 $c20020403$lUSA01$h1704 979 $aPATRY$b90$c20040406$lUSA01$h1639 979 $aCOPAT3$b90$c20050728$lUSA01$h1216 996 $aEffects of nuclear weapons$9884413 997 $aUNISA LEADER 04874nam 22006852 450 001 9910450526803321 005 20151005020620.0 010 $a1-107-13147-2 010 $a1-280-43365-5 010 $a0-511-17862-X 010 $a1-139-14742-0 010 $a0-511-06387-3 010 $a0-511-05754-7 010 $a0-511-49439-4 010 $a0-511-30584-2 010 $a0-511-07233-3 035 $a(CKB)1000000000018048 035 $a(EBL)218030 035 $a(OCoLC)437069053 035 $a(SSID)ssj0000136610 035 $a(PQKBManifestationID)11146234 035 $a(PQKBTitleCode)TC0000136610 035 $a(PQKBWorkID)10084345 035 $a(PQKB)10395646 035 $a(UkCbUP)CR9780511494390 035 $a(MiAaPQ)EBC218030 035 $a(Au-PeEL)EBL218030 035 $a(CaPaEBR)ebr10070003 035 $a(CaONFJC)MIL43365 035 $a(EXLCZ)991000000000018048 100 $a20090304d2003|||| uy| 0 101 0 $aeng 135 $aur||||||||||| 181 $ctxt$2rdacontent 182 $cc$2rdamedia 183 $acr$2rdacarrier 200 00$aDemocratic accountability and the use of force in international law /$fedited by Charlotte Ku and Harold K. Jacobson$b[electronic resource] 210 1$aCambridge :$cCambridge University Press,$d2003. 215 $a1 online resource (xxv, 440 pages) $cdigital, PDF file(s) 300 $aTitle from publisher's bibliographic system (viewed on 05 Oct 2015). 311 $a0-521-00207-9 311 $a0-521-80747-6 320 $aIncludes bibliographical references (p. 415-429) and index. 327 $aPart I. Broaching the issues / Charlotte Ku and Harold K. Jacobson -- Part II. The domestic and international context. The interface of national constitutional systems with international law and institutions on using military forces: changing trends in executive and legislative powers / Lori F. Damrosch ; Domestic political factors and decisions to use military forces / Karen A. Mingst ; Collective security, peacekeeping, and ad hoc multilateralism / Edwin M. Smith ; The legal responsibility of military personnel / Robert C.R. Siekmann -- Part III. Traditional contributors to international military operations. Canada: committed contributor of ideas and forces, but with growing doubts and problems / Fen Osler Hampson ; Norway: political consensus and the problem of accountability / Knut G. Nustad and Henrik Thune ; India: democratic, poor, internationalist / Ramesh Thakur and Dipankar Banerjee -- Part IV. Newcomers to international military operations. Japan: moderate commitment within legal strictures / Akiho Shibata ; Germany: ensuring political legitimacy for the use of military forces by requiring constitutional accountability / Georg Nolte -- Part V. Permanent members of the UN Security Council. Russian Federation: the pendulum of powers and accountability / Bakhtiyar Tuzmukhamedov ; France: Security Council legitimacy and executive primacy / Yves Boyer, Serge Sur, and Olivier Fleurence ; The United Kingdom: increasing commitment requires greater parliamentary involvement / Nigel D. White ; The United States: democracy, hegemony, and accountability / Michael J. Glennon -- Part VI. Conclusion. Toward a mixed system of democratic accountability / Charlotte Ku and Harold K. Jacobson. 330 $aThe spread of democracy to a majority of the world's states and the legitimization of the use of force by multilateral institutions such as NATO and the UN have been two key developments since World War II. In the last decade these developments have become intertwined, as multilateral forces moved from traditional peacekeeping to peace enforcement among warring parties. This book explores the experiences of nine countries (Canada, France, Germany, India, Japan, Norway, Russia, UK and US) in the deployment of armed forces under the UN and NATO, asking who has been and should be accountable to the citizens of these nations, and to the citizens of states who are the object of deployments, for the decisions made in such military actions. The authors conclude that national-level mechanisms have been most important in assuring democratic accountability of national and international decision-makers. 517 3 $aDemocratic Accountability & the Use of Force in International Law 606 $aIntervention (International law) 606 $aGovernment liability (International law) 615 0$aIntervention (International law) 615 0$aGovernment liability (International law) 676 $a341.5/84 686 $a12.08$2EP-CLASS 702 $aKu$b Charlotte$f1950- 702 $aJacobson$b Harold Karan 801 0$bUkCbUP 801 1$bUkCbUP 906 $aBOOK 912 $a9910450526803321 996 $aDemocratic accountability and the use of force in international law$9673238 997 $aUNINA